Top 10 Songs by Derek and the Dominos - Statistics

General Stats
  • This quiz has been taken 2 times
  • The average score is 2 of 10
Answer Stats
Hint Answer % Correct
1 Layla
100%
5 Anyday
50%
8 Key to the Highway
50%
2 Bell Bottomed Blues
0%
7 Have You Ever Loved a Woman
0%
10 I Looked Away
0%
3 Keep On Growing
0%
9 Little Wing
0%
6 Nobody Knows You When You're Down and Out
0%
4 Why Does Love Got to Be So Sad?
0%
No matching quizzes found
Score Distribution
Percent of People with Each Score
Percentile by Number Answered
Your Score History
You have not taken this quiz